| 000 | 00497nam a22001937a 4500 | ||
|---|---|---|---|
| 003 | MPLRDC | ||
| 005 | 20220104191803.0 | ||
| 008 | 210129b ||||| |||| 00| 0 eng d | ||
| 020 | _a978-7-5366-7987-0 | ||
| 082 | _a857.75 HM v.1 | ||
| 100 | _a何马 | ||
| 245 |
_a藏地密码 1 _c |
||
| 250 | _a一版15刷 | ||
| 260 |
_a中国 _b重庆出版社 _c2008 |
||
| 300 | _b平 | ||
| 490 | _a读客知识小说文库: 001 | ||
| 650 | _a中国大陆作家长篇小说 | ||
| 942 |
_cBK _o857.75 HM v.1 |
||
| 999 |
_c64409 _d64399 |
||